| 000 -LEADER |
| fixed length control field |
00636nam a2200193 a 4500 |
| 001 - CONTROL NUMBER |
| control field |
:::00021401$&:&@@ |
| 003 - CONTROL NUMBER IDENTIFIER |
| control field |
OkBaRHE |
| 005 - DATE AND TIME OF LATEST TRANSACTION |
| control field |
20080208133143.0 |
| 008 - FIXED-LENGTH DATA ELEMENTS--GENERAL INFORMATION |
| fixed length control field |
j 000 0 eng u |
| 040 ## - CATALOGING SOURCE |
| Transcribing agency |
|
| 100 1# - MAIN ENTRY--PERSONAL NAME |
| Personal name |
Michelson, Arthur U. (Arthur Uriah), b. 1886 |
| 245 10 - TITLE STATEMENT |
| Title |
Out of darkness into light : |
| Remainder of title |
life story of Arthur U. Michelson |
| 260 ## - PUBLICATION, DISTRIBUTION, ETC. (IMPRINT) |
| Place of publication, distribution, etc |
Los Angeles, CA |
| Name of publisher, distributor, etc |
Jewish Hope Pub. House |
| 300 ## - PHYSICAL DESCRIPTION |
| Extent |
124 p |
| 490 0# - SERIES STATEMENT |
| Series statement |
My life story |
| 650 ## - SUBJECT ADDED ENTRY--TOPICAL TERM |
| Topical term or geographic name as entry element |
Missions to Jews, Converts from Judaism |
| 942 ## - ADDED ENTRY ELEMENTS (KOHA) |
| Source of classification or shelving scheme |
|
| Koha item type |
Books |